|
|
|
|
| LEADER |
00000naa2a2200000 4500 |
| 001 |
401784 |
| 005 |
20231101065621.0 |
| 035 |
|
|
|a (RuTPU)RU\TPU\prd\46104
|
| 035 |
|
|
|a RU\TPU\prd\46101
|
| 090 |
|
|
|a 401784
|
| 100 |
|
|
|a 20060913a2006 k y0rusy50 ca
|
| 101 |
0 |
|
|a rus
|
| 102 |
|
|
|a RU
|
| 200 |
1 |
|
|a "У меня зазвонил телефон"
|e Практикум по библиотечной конфликтологии
|f Д. Равинский
|
| 225 |
1 |
|
|a Человек в библиотеке
|
| 320 |
|
|
|a Библиогр.: 7 назв.
|
| 461 |
|
0 |
|0 (RuTPU)RU\TPU\prd\12643
|t Библиотечное дело
|o ежемесячный журнал
|d 2003-
|
| 463 |
|
0 |
|0 (RuTPU)RU\TPU\prd\45491
|t № 6
|v С. 17-18
|d 2006
|
| 610 |
1 |
|
|a библиотеки
|
| 610 |
1 |
|
|a библиотечная конфликтология
|
| 610 |
1 |
|
|a практикумы
|
| 700 |
|
1 |
|a Равинский
|b Д.
|g Дмитрий
|
| 801 |
|
1 |
|a RU
|b 63413507
|c 20060913
|g PSBO
|
| 801 |
|
2 |
|a RU
|b 63413507
|c 20060913
|g PSBO
|
| 942 |
|
|
|c BK
|